[Event "CAN-op"]
[Site "Kapuskasing CAN"]
[Date "2004.07.12"]
[Round "4"]
[White "Doubleday, William"]
[Black "Nickoloff, Bryon"]
[Result "0-1"]
[WhiteElo "2086"]
[BlackElo "2450"]
[PlyCount "82"]
[EventDate "2004.07.10"]
[EventType "swiss"]
[EventRounds "10"]
[EventCountry "CAN"]

1. d4 Nf6 2. c4 e6 3. Nc3 Bb4 4. e3 O-O 5. Nge2 d5 6. a3 Be7 7. Nf4 c6 8. Bd3
dxc4 9. Bxc4 Nbd7 10. Nd3 c5 11. dxc5 Nxc5 12. Nxc5 Qxd1+ 13. Nxd1 Bxc5 14. b4
Be7 15. Bb2 Bd7 16. Nc3 Rac8 17. Bd3 Ng4 18. Nd1 Rfd8 19. f3 Ba4 20. Ke2 Bc2
21. fxg4 Bxd3+ 22. Kf3 Rc2 23. Bd4 Be2+ 24. Kg3 Bd6+ 25. Kh3 f5 26. gxf5 exf5
27. Nf2 Bb5 28. e4 fxe4 29. Nxe4 Bd7+ 30. g4 Bb8 31. Rac1 Re2 32. Ng3 Re6 33.
Nf5 Re4 34. Bc5 h5 35. Rcd1 hxg4+ 36. Kg2 Ree8 37. Nd6 Bc6+ 38. Kg3 Bxh1 39.
Rxh1 Bxd6+ 40. Kxg4 Bxc5 41. bxc5 Rd4+ 0-1

[Event "Toronto int"]
[Site "Toronto CAN"]
[Date "2000.08.16"]
[Round "1"]
[White "Fernandez, Daniel"]
[Black "Nickoloff, Bryon"]
[Result "1-0"]
[WhiteElo "2242"]
[BlackElo "2524"]
[PlyCount "43"]
[EventDate "2000.08.16"]
[EventType "tourn"]
[EventRounds "9"]
[EventCountry "CAN"]

1. e4 e5 2. Nf3 Nc6 3. d4 exd4 4. Nxd4 Bc5 5. Nxc6 Qf6 6. Qd2 bxc6 7. Bd3 Ne7
8. O-O O-O 9. Nc3 d6 10. e5 Qh4 11. Ne4 Bb6 12. exd6 cxd6 13. Nxd6 Be6 14. Qg5
Qd4 15. Qxe7 Bd8 16. Bxh7+ Kxh7 17. Qxf8 Bc7 18. Qxa8 Qxd6 19. f4 Bb6+ 20. Kh1
Qd5 21. Qe8 Bf2 22. f5 1-0

[Event "Toronto int"]
[Site "Toronto CAN"]
[Date "2000.08.17"]
[Round "2"]
[White "Nickoloff, Bryon"]
[Black "Kret, Ted"]
[Result "1-0"]
[WhiteElo "2524"]
[BlackElo "2204"]
[PlyCount "75"]
[EventDate "2000.08.16"]
[EventType "tourn"]
[EventRounds "9"]
[EventCountry "CAN"]

1. d4 Nf6 2. c4 g6 3. Nc3 Bg7 4. e4 O-O 5. Be2 d6 6. Nf3 Nbd7 7. O-O e5 8. Be3
Re8 9. Qc2 exd4 10. Nxd4 Nc5 11. f3 c6 12. Rad1 d5 13. cxd5 cxd5 14. Ndb5 Na6
15. Nxd5 Nxd5 16. Rxd5 Qe7 17. a3 Be6 18. Rd2 Rec8 19. Qd1 Nc5 20. Nd4 Bxd4 21.
Rxd4 Nb3 22. Rd3 Rd8 23. Qb1 a6 24. Rfd1 b5 25. Qc2 Rdc8 26. Rc3 Rxc3 27. Qxc3
Rc8 28. Qe5 f6 29. Qd6 Qxd6 30. Rxd6 Bc4 31. Bxc4+ Rxc4 32. Rxf6 Kg7 33. Rxa6
Rc2 34. e5 Re2 35. Bg5 Nc5 36. Bf6+ Kf7 37. Ra7+ Ke6 38. Rxh7 1-0

[Event "Toronto int"]
[Site "Toronto CAN"]
[Date "2000.08.18"]
[Round "4"]
[White "Mulyar, Michael"]
[Black "Nickoloff, Bryon"]
[Result "1/2-1/2"]
[WhiteElo "2419"]
[BlackElo "2524"]
[PlyCount "32"]
[EventDate "2000.08.16"]
[EventType "tourn"]
[EventRounds "9"]
[EventCountry "CAN"]

1. c4 e6 2. Nc3 d5 3. d4 Nf6 4. cxd5 exd5 5. Bg5 c6 6. Qc2 Be7 7. e3 Nbd7 8.
Bd3 Nh5 9. Bxe7 Qxe7 10. Nge2 g6 11. g4 Ng7 12. O-O Nb6 13. h3 Bd7 14. Nf4 g5
15. Nfe2 h5 16. Ng3 O-O-O 1/2-1/2

[Event "Olympiad"]
[Site "Elista RUS"]
[Date "1998.09.30"]
[Round "2"]
[White "Agrest, Evgenij"]
[Black "Nickoloff, Bryon"]
[Result "1/2-1/2"]
[WhiteElo "2545"]
[BlackElo "2410"]
[PlyCount "116"]
[EventDate "1998.09.29"]
[EventType "team"]
[EventRounds "13"]
[EventCountry "RUS"]

1. c4 e6 2. Nc3 d5 3. d4 Nf6 4. cxd5 exd5 5. Bg5 c6 6. e3 Bf5 7. Qf3 Bg6 8.
Bxf6 Qxf6 9. Qxf6 gxf6 10. h4 Nd7 11. h5 Bf5 12. Kd2 Rg8 13. g3 Be6 14. Bd3 f5
15. Nge2 Nf6 16. Nf4 Bd6 17. Rh3 Rg5 18. Rah1 Ke7 19. f3 Rag8 20. Nce2 Bd7 21.
Ke1 Kd8 22. Kf2 h6 23. Bc2 Re8 24. Rh4 Re7 25. Ng2 Re8 26. Ngf4 Reg8 27. R4h2
Ke7 28. Rg2 Be6 29. Rh4 Bc8 30. Nc1 Ne8 31. Ncd3 Kf6 32. Rg1 Nc7 33. Ne2 R5g7
34. Rhh1 Ne6 35. b4 b6 36. Ba4 Bb7 37. a3 c5 38. bxc5 bxc5 39. dxc5 Nxc5 40.
Nxc5 Bxc5 41. Rb1 Ba8 42. Rb3 Bd6 43. Rh3 Rc8 44. Rd3 Rgg8 45. Rh1 Rgd8 46.
Rhd1 Bc5 47. Nf4 d4 48. exd4 Bb6 49. Bb3 Rd6 50. Kg2 Bb7 51. Kh3 Rcd8 52. d5
Rc8 53. Ba4 Ba6 54. Rb3 Rc5 55. Rb4 Rc3 56. Rb3 Rc5 57. Rb4 Rc3 58. Rb3 Ke5
1/2-1/2

[Event "Olympiad"]
[Site "Elista RUS"]
[Date "1998.10.04"]
[Round "6"]
[White "Sadler, Matthew"]
[Black "Nickoloff, Bryon"]
[Result "1-0"]
[WhiteElo "2660"]
[BlackElo "2410"]
[PlyCount "71"]
[EventDate "1998.09.29"]
[EventType "team"]
[EventRounds "13"]
[EventCountry "RUS"]

1. d4 Nf6 2. c4 e6 3. Nc3 Bb4 4. e3 O-O 5. Bd3 d5 6. Nf3 c5 7. O-O b6 8. cxd5
exd5 9. Ne5 Re8 10. Bb5 Re6 11. Ne2 a6 12. Ba4 c4 13. Ng3 Bb7 14. f4 b5 15. Bc2
Nbd7 16. Bd2 Bf8 17. Qf3 Qc7 18. Bf5 Ree8 19. Nh5 Bc6 20. Ba5 Qb7 21. a3 Be7
22. Nxg7 Kxg7 23. Qg3+ Kf8 24. Qh4 Bd6 25. g4 Ke7 26. g5 Rg8 27. Kh1 Ne8 28.
g6+ Nef6 29. gxh7 Rh8 30. Rg1 Raf8 31. Rg7 Ke8 32. Rag1 Be7 33. Nxf7 Rxf7 34.
Bg6 Nf8 35. Bxf7+ Kd7 36. Qh3+ 1-0

[Event "Olympiad"]
[Site "Elista RUS"]
[Date "1998.10.05"]
[Round "7"]
[White "Nickoloff, Bryon"]
[Black "Zelcic, Robert"]
[Result "1/2-1/2"]
[WhiteElo "2410"]
[BlackElo "2585"]
[PlyCount "66"]
[EventDate "1998.09.29"]
[EventType "team"]
[EventRounds "13"]
[EventCountry "RUS"]

1. d4 Nf6 2. c4 e6 3. Nc3 Bb4 4. e3 c5 5. Nge2 cxd4 6. exd4 O-O 7. a3 Be7 8. d5
exd5 9. cxd5 Bc5 10. b4 Bb6 11. Na4 Re8 12. Nxb6 axb6 13. d6 Nc6 14. g3 Ne4 15.
Bb2 Ne5 16. Bg2 Nc4 17. Qd4 Nxb2 18. Qxb2 Nxd6 19. O-O Nc4 20. Qd4 Rxe2 21.
Qxc4 Re7 22. Rfd1 d6 23. Rd4 g6 24. Qd3 Bf5 25. Qd2 Rd7 26. Rd1 Rxa3 27. Bxb7
Rxb7 28. Rxd6 Qc7 29. Rd8+ Kg7 30. Qd4+ f6 31. g4 Rh3 32. Rd6 Be6 33. Re1 Qc3
1/2-1/2

[Event "Olympiad"]
[Site "Elista RUS"]
[Date "1998.10.10"]
[Round "11"]
[White "Gretarsson, Helgi"]
[Black "Nickoloff, Bryon"]
[Result "1/2-1/2"]
[WhiteElo "2480"]
[BlackElo "2410"]
[PlyCount "47"]
[EventDate "1998.09.29"]
[EventType "team"]
[EventRounds "13"]
[EventCountry "RUS"]

1. d4 Nf6 2. c4 e6 3. Nf3 b6 4. Bf4 Bb7 5. e3 Be7 6. h3 c5 7. Nc3 cxd4 8. Nxd4
O-O 9. Ndb5 Ne8 10. Qd2 Na6 11. Rd1 Bc6 12. Nd6 Nac7 13. b4 Bxd6 14. Bxd6 Nxd6
15. Qxd6 Ne8 16. Qd4 d6 17. e4 Qg5 18. Qd2 Qg6 19. f3 Qg3+ 20. Qf2 Qe5 21. Qd4
Qg3+ 22. Qf2 Qe5 23. Qd4 Qg3+ 24. Qf2 1/2-1/2

[Event "Olympiad"]
[Site "Elista RUS"]
[Date "1998.10.11"]
[Round "12"]
[White "Nickoloff, Bryon"]
[Black "Ricardi, Pablo"]
[Result "1/2-1/2"]
[WhiteElo "2410"]
[BlackElo "2545"]
[PlyCount "67"]
[EventDate "1998.09.29"]
[EventType "team"]
[EventRounds "13"]
[EventCountry "RUS"]

1. d4 Nf6 2. c4 e6 3. Nf3 b6 4. g3 Bb7 5. Bg2 Be7 6. Nc3 O-O 7. Qc2 d5 8. cxd5
Nxd5 9. O-O Na6 10. Rd1 c5 11. dxc5 Nxc5 12. Ne1 f5 13. b4 Na6 14. Nxd5 Bxd5
15. Bxd5 exd5 16. a3 Qc8 17. Bb2 Qc4 18. Qd3 Qxd3 19. Nxd3 Rac8 20. Rd2 Nc7 21.
Rad1 a5 22. h4 axb4 23. Nxb4 f4 24. Be5 fxg3 25. Bxg3 Bc5 26. Rd3 Rf7 27. e3
Ra8 28. Nxd5 Nxd5 29. Rxd5 Rxa3 30. Rd8+ Rf8 31. Rxf8+ Kxf8 32. Rd7 Ra4 33. Kg2
Re4 34. Kf3 1/2-1/2

[Event "Wentworth Active"]
[Site "Ancaster CAN"]
[Date "1998.08.22"]
[Round "?"]
[White "Day, Lawrence"]
[Black "Nickoloff, Bryon"]
[Result "0-1"]
[WhiteElo "2514"]
[BlackElo "2506"]
[PlyCount "68"]
[EventDate "1998.08.22"]
[EventType "swiss"]
[EventRounds "5"]
[EventCountry "CAN"]

1. e4 c5 2. f4 d5 3. Bb5+ Bd7 4. Bxd7+ Qxd7 5. d3 e6 6. Nf3 Nc6 7. O-O Nge7 8.
Be3 Ng6 9. Qe2 Be7 10. c3 O-O 11. Na3 Rab8 12. Nc2 b6 13. g3 Rfd8 14. Rad1 Qb7
15. f5 exf5 16. exf5 Nf8 17. Bf4 Bd6 18. Bxd6 Rxd6 19. d4 Nd7 20. g4 Nf6 21. h3
Re8 22. Qh2 Rd7 23. Ne5 Rde7 24. g5 Ne4 25. Nxc6 Qxc6 26. Qf4 Qb5 27. dxc5 Qxb2
28. Nd4 bxc5 29. f6 Re5 30. Rb1 Nxg5 31. Rxb2 Nxh3+ 32. Kg2 Nxf4+ 33. Rxf4 cxd4
34. Rxd4 gxf6 0-1

[Event "Toronto int."]
[Site "Toronto CAN"]
[Date "1998.05.14"]
[Round "1"]
[White "Nickoloff, Bryon"]
[Black "Goldenberg, Danny"]
[Result "0-1"]
[WhiteElo "2400"]
[BlackElo "2320"]
[PlyCount "99"]
[EventDate "1998.05.14"]
[EventType "swiss"]
[EventRounds "9"]
[EventCountry "CAN"]
[Source "ChessBase"]
[SourceDate "1998.09.09"]

1. d4 Nf6 2. c4 c5 3. d5 b5 4. cxb5 a6 5. e3 g6 6. Nc3 Bg7 7. Nf3 O-O 8. a4 d6
9. Ra3 Bb7 10. Qb3 Qc8 11. e4 axb5 12. Bxb5 Na6 13. O-O Nb4 14. Nd2 Kh8 15. Nc4
Qc7 16. f3 Rad8 17. Na2 Nxa2 18. Qxa2 e6 19. Ne3 exd5 20. Nxd5 Nxd5 21. exd5
Qe7 22. Rd3 f5 23. Qc4 g5 24. b3 f4 25. Bd2 Rf5 26. Bc3 Bxc3 27. Qxc3+ Qe5 28.
Qa5 Qf6 29. Bc6 Bc8 30. Re1 Rg8 31. Qc3 Ba6 32. Re6 Qg7 33. Qxg7+ Kxg7 34. Rd1
Rf6 35. Rde1 Rb8 36. Rxf6 Kxf6 37. Re6+ Kg7 38. h4 gxh4 39. Rxd6 Rxb3 40. Bd7
Bd3 41. Rc6 c4 42. d6 Kf6 43. Bh3 Rb1+ 44. Kh2 Rb7 45. a5 Ra7 46. a6 c3 47. d7+
Ke7 48. Rc8 Rxd7 49. Bxd7 Kxd7 50. a7 0-1

[Event "Toronto int."]
[Site "Toronto CAN"]
[Date "1998.05.15"]
[Round "3"]
[White "Gurevich, Dmitry"]
[Black "Nickoloff, Bryon"]
[Result "1/2-1/2"]
[WhiteElo "2540"]
[BlackElo "2400"]
[PlyCount "28"]
[EventDate "1998.05.14"]
[EventType "swiss"]
[EventRounds "9"]
[EventCountry "CAN"]
[Source "ChessBase"]
[SourceDate "1998.09.09"]

1. d4 Nf6 2. c4 e6 3. g3 d5 4. Bg2 dxc4 5. Nf3 Nc6 6. Qa4 Bb4+ 7. Bd2 Nd5 8.
Bxb4 Ndxb4 9. Ne5 O-O 10. Nxc6 Nxc6 11. Bxc6 bxc6 12. Qxc4 Rb8 13. Nc3 Rxb2 14.
O-O Qd6 1/2-1/2

[Event "Toronto int."]
[Site "Toronto CAN"]
[Date "1998.05.17"]
[Round "6"]
[White "Nickoloff, Bryon"]
[Black "Ziatdinov, Raset"]
[Result "0-1"]
[WhiteElo "2400"]
[BlackElo "2515"]
[PlyCount "60"]
[EventDate "1998.05.14"]
[EventType "swiss"]
[EventRounds "9"]
[EventCountry "CAN"]
[Source "ChessBase"]
[SourceDate "1998.09.09"]

1. d4 d5 2. c4 e6 3. Nc3 Nf6 4. cxd5 exd5 5. Bg5 Be7 6. e3 O-O 7. Qc2 Nbd7 8.
Nf3 Re8 9. Bd3 Nf8 10. O-O c6 11. h3 Be6 12. Rfc1 Rc8 13. Rab1 N6d7 14. Bf4 c5
15. dxc5 Nxc5 16. Nb5 d4 17. exd4 Nb3 18. Qxc8 Bxc8 19. axb3 Ne6 20. Nxa7 Bd7
21. Be3 Nc7 22. Bc4 Be6 23. Nb5 Nd5 24. Bd2 Bb4 25. Bxb4 Nxb4 26. Nc7 Qxc7 27.
Bxe6 Qf4 28. Bc4 Kf8 29. Re1 Rd8 30. Re2 b5 0-1

[Event "Toronto int."]
[Site "Toronto CAN"]
[Date "1998.05.18"]
[Round "8"]
[White "Nickoloff, Bryon"]
[Black "Crisan, Ioan"]
[Result "1-0"]
[WhiteElo "2400"]
[BlackElo "2235"]
[PlyCount "85"]
[EventDate "1998.05.14"]
[EventType "swiss"]
[EventRounds "9"]
[EventCountry "CAN"]
[Source "ChessBase"]
[SourceDate "1998.09.09"]

1. d4 Nf6 2. c4 e6 3. Nc3 Bb4 4. e3 c5 5. Nge2 b6 6. a3 Bxc3+ 7. Nxc3 Bb7 8. d5
O-O 9. e4 exd5 10. exd5 d6 11. Be2 Nbd7 12. O-O h6 13. f4 a6 14. a4 Re8 15. Bd3
Nf8 16. h3 Bc8 17. Bd2 Bd7 18. Qf3 b5 19. cxb5 axb5 20. Nxb5 Qb6 21. Kh2 Ng6
22. Bc3 c4 23. Bd4 Qb8 24. Bxc4 Re4 25. Qc3 Bxb5 26. Bxb5 Nxd5 27. Qd3 Rxf4 28.
Bxg7 Nb4 29. Qc3 d5 30. g3 Re4 31. Qf6 Ra7 32. Bxh6 Qe5 33. Rac1 Qxf6 34. Rxf6
d4 35. Bd2 d3 36. Rf2 Rae7 37. Bxb4 Rxb4 38. Bxd3 Rxa4 39. Rc4 Ra1 40. Rg4 Kg7
41. h4 Kh6 42. Kg2 Rae1 43. Rxf7 1-0

[Event "Toronto int."]
[Site "Toronto CAN"]
[Date "1998.05.18"]
[Round "9"]
[White "Davies, Nigel"]
[Black "Nickoloff, Bryon"]
[Result "1-0"]
[WhiteElo "2515"]
[BlackElo "2400"]
[PlyCount "59"]
[EventDate "1998.05.14"]
[EventType "swiss"]
[EventRounds "9"]
[EventCountry "CAN"]
[Source "ChessBase"]
[SourceDate "1998.09.09"]

1. d4 Nf6 2. Nf3 d5 3. c4 e6 4. g3 dxc4 5. Bg2 Nc6 6. Qa4 Bb4+ 7. Bd2 Nd5 8.
Qb5 Bxd2+ 9. Nbxd2 c3 10. bxc3 Nxc3 11. Qd3 Nd5 12. O-O O-O 13. Rfc1 Nce7 14.
Rab1 h6 15. Qc4 c6 16. Ne5 f6 17. Nd3 b6 18. Nf3 g5 19. h4 Kg7 20. hxg5 hxg5
21. e4 Qe8 22. exd5 exd5 23. Qb4 Bf5 24. Re1 Rf7 25. Re3 Qd7 26. Nfe5 fxe5 27.
Nxe5 Qc7 28. Nxf7 Kxf7 29. Rbe1 Ng6 30. Rf3 1-0

[Event "Toronto op"]
[Site "Toronto CAN"]
[Date "1998.04.12"]
[Round "5"]
[White "Rajlich, Vasik"]
[Black "Nickoloff, Bryon"]
[Result "0-1"]
[WhiteElo "2376"]
[BlackElo "2494"]
[PlyCount "58"]
[EventDate "1998.04.10"]
[EventType "swiss"]
[EventRounds "6"]
[EventCountry "CAN"]

1. e4 c5 2. Nf3 d6 3. d4 cxd4 4. Nxd4 Nf6 5. Nc3 a6 6. Bg5 e6 7. f4 Qc7 8. Qf3
b5 9. f5 Nc6 10. Ncxb5 axb5 11. Bxb5 Bd7 12. Bxf6 gxf6 13. Bxc6 Bxc6 14. fxe6
fxe6 15. Qxf6 Bg7 16. Qxe6+ Kd8 17. Nxc6+ Qxc6 18. O-O-O Kc7 19. Rhf1 Rhf8 20.
e5 Rxf1 21. exd6+ Kb6 22. Rxf1 Qb5 23. d7+ Kc7 24. Rf4 Qxb2+ 25. Kd1 Qa1+ 26.
Ke2 Qe5+ 27. Qxe5+ Bxe5 28. Rf7 Rxa2 29. Rxh7 Rxc2+ 0-1

[Event "Toronto Class-ch"]
[Site "Toronto CAN"]
[Date "1998.03.07"]
[Round "3"]
[White "Livshits, Ron"]
[Black "Nickoloff, Bryon"]
[Result "0-1"]
[WhiteElo "2488"]
[BlackElo "2519"]
[PlyCount "46"]
[EventDate "1998.03.06"]
[EventType "tourn"]
[EventRounds "5"]
[EventCountry "CAN"]

1. d4 Nf6 2. c4 e6 3. Nc3 Bb4 4. Qc2 O-O 5. a3 Bxc3+ 6. Qxc3 b6 7. Bg5 c5 8.
dxc5 bxc5 9. e3 Nc6 10. Bd3 Qa5 11. Ne2 Rb8 12. O-O-O Ng4 13. Qc2 h6 14. Bh4
Ba6 15. Bh7+ Kh8 16. Be4 Nce5 17. Bg3 Nxc4 18. Bxb8 Rxb8 19. Rxd7 Nxf2 20. Rg1
Nxe4 21. Rxf7 Nxb2 22. Rgf1 Nd3+ 23. Kd1 Rb2 0-1

[Event "CAN-ch"]
[Site "Toronto CAN"]
[Date "1996.08.14"]
[Round "1"]
[White "Frialde, Arniel"]
[Black "Nickoloff, Bryon"]
[Result "1/2-1/2"]
[WhiteElo "2332"]
[BlackElo "2410"]
[PlyCount "28"]
[EventDate "1996.08.14"]
[EventType "tourn"]
[EventRounds "15"]
[EventCountry "CAN"]
[EventCategory "4"]

1. d4 Nf6 2. Nf3 d5 3. Bf4 c5 4. e3 Qb6 5. Nc3 e6 6. Be2 Bd7 7. Rb1 Be7 8. O-O
O-O 9. h3 Rc8 10. Ne5 Be8 11. Bd3 Nfd7 12. Na4 Qd8 13. Nxd7 Nxd7 14. Nxc5 Nxc5
1/2-1/2

[Event "CAN-ch"]
[Site "Toronto CAN"]
[Date "1996.08.15"]
[Round "2"]
[White "Nickoloff, Bryon"]
[Black "Day, Lawrence"]
[Result "1/2-1/2"]
[WhiteElo "2410"]
[BlackElo "2400"]
[PlyCount "37"]
[EventDate "1996.08.14"]
[EventType "tourn"]
[EventRounds "15"]
[EventCountry "CAN"]
[EventCategory "4"]
[Source "CFC"]
[SourceDate "2002.12.??"]

1. d4 d6 2. Nf3 Nf6 3. c4 g6 4. Nc3 Bg7 5. e4 O-O 6. Be2 Bg4 7. Be3 Nfd7 8. Ng1
Bxe2 9. Ngxe2 e5 10. Qd2 Nc6 11. d5 Ne7 12. O-O-O a6 13. Kb1 f5 14. f3 Qb8 15.
Qd3 Kh8 16. Nc1 Ng8 17. Rhe1 b6 18. Re2 Qd8 19. Nb3 1/2-1/2

[Event "CAN-ch"]
[Site "Toronto CAN"]
[Date "1996.08.20"]
[Round "7"]
[White "Nickoloff, Bryon"]
[Black "Gravel, Simon M"]
[Result "1/2-1/2"]
[WhiteElo "2410"]
[BlackElo "2452"]
[PlyCount "33"]
[EventDate "1996.08.14"]
[EventType "tourn"]
[EventRounds "15"]
[EventCountry "CAN"]
[EventCategory "4"]

1. c4 Nf6 2. Nc3 d5 3. d4 g6 4. Bf4 Bg7 5. Rc1 O-O 6. e3 c5 7. dxc5 Be6 8. Nge2
Nc6 9. cxd5 Nxd5 10. Nxd5 Bxd5 11. Nc3 Bxc3+ 12. Rxc3 Bxa2 13. Qa4 Be6 14. Bd3
Bd5 15. O-O e5 16. Bg3 Qe7 17. e4 1/2-1/2

[Event "CAN-ch"]
[Site "Toronto CAN"]
[Date "1996.08.21"]
[Round "8"]
[White "Leveille, Francois"]
[Black "Nickoloff, Bryon"]
[Result "1-0"]
[WhiteElo "2350"]
[BlackElo "2410"]
[PlyCount "74"]
[EventDate "1996.08.14"]
[EventType "tourn"]
[EventRounds "15"]
[EventCountry "CAN"]
[EventCategory "4"]

1. e4 c5 2. Nf3 d6 3. d4 cxd4 4. Nxd4 Nf6 5. Nc3 e6 6. g3 Nc6 7. Bg2 Bd7 8. O-O
Be7 9. Ndb5 Qb8 10. Bf4 Ne5 11. Bg5 a6 12. Bxf6 gxf6 13. Nd4 h5 14. h3 Qa7 15.
a4 O-O-O 16. a5 Qc5 17. Nb3 Qb4 18. Re1 Kb8 19. Bf1 Rc8 20. Kh1 Nc4 21. Qb1 f5
22. exf5 d5 23. Qc1 Qd6 24. Bg2 Rhg8 25. Nd2 Bg5 26. Nxc4 Rxc4 27. Qd1 Bd8 28.
Qxh5 Bc7 29. Ra3 Rf8 30. Kg1 Bc6 31. Qd1 Rg8 32. Qd3 Qc5 33. Re3 Bxa5 34. fxe6
fxe6 35. Rxe6 Bb6 36. Rf6 Ka7 37. Kh2 Rd8 1-0

[Event "CAN-ch"]
[Site "Toronto CAN"]
[Date "1996.08.22"]
[Round "9"]
[White "Nickoloff, Bryon"]
[Black "Horton, Joe"]
[Result "1/2-1/2"]
[WhiteElo "2410"]
[BlackElo "2325"]
[PlyCount "115"]
[EventDate "1996.08.14"]
[EventType "tourn"]
[EventRounds "15"]
[EventCountry "CAN"]
[EventCategory "4"]
[Source "CFC"]
[SourceDate "2002.12.??"]

1. d4 g6 2. e4 Bg7 3. c4 c5 4. d5 d6 5. Nf3 Nf6 6. Nc3 O-O 7. h3 e6 8. Bd3 exd5
9. cxd5 b5 10. Nxb5 Nxe4 11. Bxe4 Re8 12. Ng5 Qa5+ 13. Nc3 Ba6 14. f3 Bd4 15.
Bd2 f5 16. Ne6 fxe4 17. Nxe4 Qb6 18. Qb3 Nd7 19. Bc3 Bxc3+ 20. Qxc3 Ne5 21.
O-O-O Re7 22. f4 Nd7 23. h4 Be2 24. Rde1 Bg4 25. h5 gxh5 26. Ng3 Qb4 27. Nxh5
Rb8 28. Re3 Qxc3+ 29. Rxc3 Bxh5 30. Rxh5 Nf6 31. Rf5 Nd7 32. Rg3+ Kh8 33. Ng5
h6 34. Nf7+ Kh7 35. Nxd6 Rb4 36. b3 Rd4 37. Nc4 Nb6 38. Re5 Rf7 39. Rf3 Nxc4
40. bxc4 Rxc4+ 41. Kb2 Rd4 42. Kc3 Rfxf4 43. Re7+ Kg6 44. Rxf4 Rxf4 45. Rxa7
Rd4 46. Rd7 Kf5 47. d6 Ke6 48. Rh7 Kxd6 49. Rxh6+ Kd5 50. Rh3 Rg4 51. Rd3+ Ke5
52. Rd2 Ra4 53. Kb3 Rb4+ 54. Kc2 Rg4 55. Kb3 Rb4+ 56. Kc3 Ra4 57. Kb2 Rb4+ 58.
Kc3 1/2-1/2

[Event "CAN-ch"]
[Site "Toronto CAN"]
[Date "1996.08.23"]
[Round "10"]
[White "Teodoro, Eduardo"]
[Black "Nickoloff, Bryon"]
[Result "0-1"]
[WhiteElo "2290"]
[BlackElo "2410"]
[PlyCount "79"]
[EventDate "1996.08.14"]
[EventType "tourn"]
[EventRounds "15"]
[EventCountry "CAN"]
[EventCategory "4"]

1. e4 c5 2. Nf3 d6 3. d4 cxd4 4. Nxd4 Nf6 5. Nc3 a6 6. Bg5 e6 7. f4 b5 8. e5
dxe5 9. fxe5 Qc7 10. Qe2 Nfd7 11. O-O-O Bb7 12. Qg4 Qxe5 13. Bd3 Nf6 14. Qh4
Nbd7 15. Rhe1 Qc7 16. Nxe6 fxe6 17. Rxe6+ Kf7 18. Bf5 Qc5 19. g4 Re8 20. Rde1
Be7 21. Be3 Qc4 22. Qf2 g6 23. Rxe7+ Rxe7 24. Bxd7 Rxd7 25. g5 Rf8 26. gxf6 Re8
27. Rf1 b4 28. Nd1 Rd5 29. Bd2 Rf5 30. Qb6 Rxf1 31. Qxb7+ Kxf6 32. Qb6+ Re6 33.
Qd8+ Kf7 34. Qd7+ Re7 35. Qh3 Qe2 36. Qxh7+ Ke8 37. Qxg6+ Kd7 38. Qf5+ Rxf5 39.
b3 Rf1 40. Kb2 0-1

[Event "CAN-ch"]
[Site "Toronto CAN"]
[Date "1996.08.24"]
[Round "11"]
[White "Nickoloff, Bryon"]
[Black "Livshits, Ron"]
[Result "1/2-1/2"]
[WhiteElo "2410"]
[BlackElo "2390"]
[PlyCount "53"]
[EventDate "1996.08.14"]
[EventType "tourn"]
[EventRounds "15"]
[EventCountry "CAN"]
[EventCategory "4"]

1. d4 d5 2. c4 c6 3. cxd5 cxd5 4. Bf4 Nf6 5. Nc3 Nc6 6. e3 a6 7. Bd3 Bg4 8.
Nge2 e6 9. O-O Bd6 10. Bg5 h6 11. Bh4 Bxe2 12. Qxe2 Be7 13. Rac1 O-O 14. Na4
Nd7 15. Bxe7 Qxe7 16. Nc5 Nxc5 17. Rxc5 Rfd8 18. Rfc1 e5 19. dxe5 Qxe5 20. Bc4
Qe6 21. Bb3 Nd4 22. Qd3 Nxb3 23. axb3 Rac8 24. b4 b6 25. R5c3 Rxc3 26. Qxc3 b5
27. Qd4 1/2-1/2

[Event "CAN-ch"]
[Site "Toronto CAN"]
[Date "1996.08.26"]
[Round "12"]
[White "Jung, Hans"]
[Black "Nickoloff, Bryon"]
[Result "0-1"]
[WhiteElo "2215"]
[BlackElo "2410"]
[PlyCount "122"]
[EventDate "1996.08.14"]
[EventType "tourn"]
[EventRounds "15"]
[EventCountry "CAN"]
[EventCategory "4"]

1. e4 c5 2. c4 Nc6 3. Ne2 Nf6 4. Nbc3 e6 5. d4 cxd4 6. Nxd4 Bb4 7. Nxc6 dxc6 8.
Bd3 e5 9. O-O Qe7 10. Qc2 Bc5 11. a3 Ng4 12. Be2 h5 13. Nd1 Qh4 14. h3 Nf6 15.
Bf3 g5 16. Be3 Bxe3 17. Nxe3 Qf4 18. Be2 Nxe4 19. Bd3 Nc5 20. Bf5 Bxf5 21. Nxf5
O-O-O 22. g3 Qe4 23. Qxe4 Nxe4 24. Rfd1 Rxd1+ 25. Rxd1 Rd8 26. Re1 Nd2 27. Rc1
Nf3+ 28. Kg2 Nd4 29. Ne3 Kc7 30. c5 b5 31. cxb6+ axb6 32. Nc4 f6 33. Re1 Ne6
34. Re2 Rd3 35. Re3 Rd4 36. Rc3 Nc5 37. Rc2 Nd3 38. Kf1 f5 39. Ne3 f4 40. Nf5
Re4 41. Rd2 Re1+ 42. Kg2 e4 43. f3 g4 44. hxg4 hxg4 45. gxf4 gxf3+ 46. Kg3 Rg1+
47. Kh2 Re1 48. Kg3 Re2 49. Rd1 Rg2+ 50. Kh4 Nxf4 51. Nd6 Re2 52. Ne8+ Kc8 53.
Nd6+ Kb8 54. Kg4 f2 55. Rh1 Re1 56. Rh8+ Kc7 57. Ne8+ Kd7 58. Kf5 f1=Q 59. Nf6+
Kd6 60. Rd8+ Kc7 61. Rd7+ Kc8 0-1

[Event "CAN-ch"]
[Site "Toronto CAN"]
[Date "1996.08.28"]
[Round "14"]
[White "Taylor, Gordon"]
[Black "Nickoloff, Bryon"]
[Result "1/2-1/2"]
[WhiteElo "2340"]
[BlackElo "2410"]
[PlyCount "125"]
[EventDate "1996.08.14"]
[EventType "tourn"]
[EventRounds "15"]
[EventCountry "CAN"]
[EventCategory "4"]

1. d4 Nf6 2. c4 e6 3. g3 d5 4. Bg2 dxc4 5. Nf3 Nc6 6. Qa4 Bb4+ 7. Bd2 Nd5 8.
Qb5 Bxd2+ 9. Nbxd2 c3 10. bxc3 Nxc3 11. Qd3 Nd5 12. O-O O-O 13. e4 Nde7 14.
Rab1 b6 15. Rfc1 Bb7 16. Qc3 Rc8 17. Bh3 f5 18. Qc4 Qd7 19. Re1 Nd8 20. exf5
Nxf5 21. Bg2 Qd5 22. Qc3 c5 23. dxc5 Qxc5 24. Qe5 Qxe5 25. Rxe5 Rc2 26. a4 Bd5
27. Ree1 Nc6 28. Rec1 Ra2 29. Ra1 Rxa1 30. Rxa1 Rc8 31. Re1 h6 32. Ne4 Na5 33.
Ne5 Nc4 34. Ng6 Kh7 35. Nf4 Nb2 36. g4 Nh4 37. Nxd5 exd5 38. Nd6 Nxg2 39. Kxg2
Rd8 40. Nf5 Rd7 41. Ra1 d4 42. Ra2 Nc4 43. Kf1 g6 44. Ng3 Re7 45. Re2 Rxe2 46.
Kxe2 Nb2 47. f4 Kg7 48. h4 a5 49. Kd2 Nxa4 50. Ne2 Nc3 51. Nxd4 Nd5 52. f5 Nf6
53. g5 Ne4+ 54. Ke3 Nxg5 55. hxg5 hxg5 56. fxg6 Kxg6 57. Kf3 Kf6 58. Ke4 a4 59.
Nb5 Ke6 60. Kd4 Kd7 61. Nc3 a3 62. Kc4 g4 63. Kb3 1/2-1/2

[Event "Ontario ch (1995)"]
[Site "Toronto CAN"]
[Date "1996.01.??"]
[Round "1"]
[White "Nickoloff, Bryon"]
[Black "Dougherty, Michael"]
[Result "1-0"]
[WhiteElo "2474"]
[BlackElo "2310"]
[PlyCount "63"]
[EventDate "1996.01.??"]
[EventType "tourn"]
[EventRounds "9"]
[EventCountry "CAN"]
[EventCategory "3"]

1. d4 Nf6 2. c4 e6 3. Nf3 c5 4. d5 exd5 5. cxd5 d6 6. Nc3 a6 7. a4 g6 8. Nd2
Nbd7 9. e4 Bg7 10. Be2 O-O 11. O-O Qe7 12. Re1 Ne8 13. Nc4 Rb8 14. Bf1 Ne5 15.
Ne3 h5 16. h3 Nd7 17. Nc4 Ne5 18. Nd2 Qf6 19. Rb1 h4 20. b4 cxb4 21. Rxb4 g5
22. Bb2 Qd8 23. Nc4 f5 24. Nxe5 Bxe5 25. exf5 Bxf5 26. Ne4 Bxb2 27. Rxb2 Ng7
28. Qd2 Bxe4 29. Rxe4 Qf6 30. Rg4 Rfc8 31. Rxg5 Rc7 32. Rb3 1-0